Mathnawi-yi Haft awrang. Volume 2 : Yūsuf wa-Sulaykhā, Laylā wa-Majnūn, wa-Khiradnāma-yi Iskandar /

Regarded by many as the last great mystical poet of medieval Persia, ʿAbd al-Raḥmān Jāmī (d. 898/1492) spent the greater part of his life in Herat. As a student, he excelled in every subject he engaged in and appeared destined for an academic career. But then, in his early thirties, he went through...

وصف كامل

محفوظ في:

المؤلف الرئيسي: Jāmī, ʿAbd al-Raḥmān (مؤلف)

مؤلفون آخرون: Afṣaḥzād, Aʿlā Khān (المحرر), Tarbīyat, Ḥasīn Aḥmad (المحرر)

التنسيق: كتاب الكتروني

اللغة: English
Persian

منشور في: Leiden; Boston : BRILL, [2019]

سلاسل: Miras Maktoob, ISBN: 9789004365452.

الموضوعات:

الوصول للمادة أونلاين: Login to view Source

الوسوم: إضافة وسم

لا توجد وسوم, كن أول من يضع وسما على هذه التسجيلة!

رقم الطلب: PK6490 .H34 1999

LEADER 03881nam a22006011i 4500
001 BRILL9789004402447
003 nllekb
005 20211118221554.0
006 m d
007 cr un uuuua
008 200305t20191997ne sb 001 0 eng d
010 |a  2001310225 
020 |a 9789004402447  |q (electronic book) 
020 |a 9789646781054  |q (print) 
024 7 |a 10.1163/9789004402447  |2 DOI 
035 |a (OCoLC)1153270521 
040 |a NL-LeKB  |c NL-LeKB  |e rda 
041 0 |a per  |b eng 
050 4 |a PK6490  |b .H34 1999 
072 7 |a HBJF1  |2 bicssc 
072 7 |a HIS  |x 003000  |2 bisacsh 
072 7 |a HIS  |x 026000  |2 bisacsh 
082 0 4 |a 891.55103  |2 23 
100 1 |6 880-01  |a Jāmī, ʿAbd al-Raḥmān,  |e author. 
880 1 |6 100-01/(3/r  |a جامی ، عبدالرحمن,  |e author. 
245 1 0 |6 880-02  |a Mathnawi-yi Haft awrang. Volume 2 :  |b Yūsuf wa-Sulaykhā, Laylā wa-Majnūn, wa-Khiradnāma-yi Iskandar /  |c by ʿAbd al-Raḥmān Jāmī ; (Edited by) Aʿlā Khān Afṣaḥzād, Ḥasīn Aḥmad Tarbīyat. 
880 1 0 |6 245-02/(3/r  |a مثنوی هفت اورنگ ج 2. (یوسف و زلیخا، لیلی و مجنون و خرد نامۀ اسکندری) /  |c by نورالدين عبد الرحمان جامي ; (Edited by) اعلی خان افصح زاد و حسیثن احمد تربیت. 
246 3 |a Yūsuf wa-Sulaykhā, Laylā wa-Majnūn, wa-Khiradnāma-yi Iskandar 
264 1 |a Leiden;   |a Boston :  |b BRILL,  |c [2019] 
264 4 |c ©1997 
300 |a 1 online resource. 
336 |a text  |b txt  |2 rdacontent 
337 |a computer  |b c  |2 rdamedia 
338 |a online resource  |2 rdacarrier 
490 1 |a Miras Maktoob, ISBN: 9789004365452 
500 |a Poems. 
500 |a Vol. 2 edited by: Aʻlākhān Afṣaḥʹzād and Ḥusayn Aḥmad Tarbiyat. 
505 0 |a jild-i 1. Silsilat al-z̲ahab, Salāmān va Absāl, Tuḥfat al-Aḥrār va Subḥat al-Abrār -- jild-i 2. Yūsuf va Zulaykhā, Laylá va Majnūn va Khiradnāmah-ʼi Iskandarī. 
520 |a Regarded by many as the last great mystical poet of medieval Persia, ʿAbd al-Raḥmān Jāmī (d. 898/1492) spent the greater part of his life in Herat. As a student, he excelled in every subject he engaged in and appeared destined for an academic career. But then, in his early thirties, he went through a spiritual crisis that ended in him joining the Herat branch of the mystical Naqshbandiyya order, led by the charismatic Saʿd al-Dīn Kāshgharī (d. 860/1456). A protégé of three successive Timurid rulers in Herat, Jāmī's wide network of friendships and relations extended from spiritual and literary circles through the political to the academic. With 39.000 lines of verse and over 30 prose works to his name, Jāmī's literary production is quite overwhelming. Highly imaginative in their treatment of the human condition, Jāmī's seven long mathnawī s contained in the present two-volume edition bear witness to his great artistic talents and wide intellectual horizon. 2 vols; volume 2. 
546 |a Persian. 
588 |a Description based on print version record. 
650 0 |a Sufi poetry, Persian. 
650 0 |a Persian poetry. 
700 1 |6 880-03  |a Afṣaḥzād, Aʿlā Khān,  |e editor. 
880 1 |6 700-03/(3/r  |a دادعليشاه، جابلقا,  |e editor. 
700 1 |6 880-04  |a Tarbīyat, Ḥasīn Aḥmad,  |e editor. 
880 1 |6 700-04/(3/r  |a تربيت، حسين احمد,  |e editor. 
776 0 8 |i Print version:  |t Mathnawi-yi Haft awrang. Volume 2 : Yūsuf wa-Sulaykhā, Laylā wa-Majnūn, wa-Khiradnāma-yi Iskandar.  |d Leiden ; Boston : BRILL, 2019  |z 9789646781054  |z (OCoLC)41968417 
830 0 |a Miras Maktoob, ISBN: 9789004365452. 
856 4 |z DOI:   |u http://dx.doi.org/10.1163/9789004402447 
942 |2 lcc  |c EBOOK 
952 |0 0  |1 0  |2 lcc  |4 0  |7 1  |9 22427  |a BRILL  |b BRILL  |d 2021-11-18  |l 0  |r 2021-11-18 00:00:00  |w 2021-11-18  |y EBOOK 
999 |c 39901  |d 39901